All the Stars in the Heavens (Record no. 347375)
[ view plain ]
| 000 -LEADER | |
|---|---|
| fixed length control field | 00318nam a2200109Ia 4500 |
| 008 - FIXED-LENGTH DATA ELEMENTS--GENERAL INFORMATION | |
| fixed length control field | 171205s9999 xx 000 0 und d |
| 020 ## - INTERNATIONAL STANDARD BOOK NUMBER | |
| International Standard Book Number | 9780062430854 |
| 100 ## - MAIN ENTRY--PERSONAL NAME | |
| Personal name | Trigiani, Adriana. |
| 245 ## - TITLE STATEMENT | |
| Statement of responsibility, etc | Adriana Trigiani |
| Title | All the Stars in the Heavens |
| 260 ## - PUBLICATION, DISTRIBUTION, ETC. (IMPRINT) | |
| Name of publisher, distributor, etc | The Glory of Everything Company |
| Date of publication, distribution, etc | 2015 |
| 300 ## - PHYSICAL DESCRIPTION | |
| Extent | 453 pages |
| Withdrawn status | Lost status | Damaged status | Home library | Current library | Shelving location | Date acquired | Source of acquisition | Total Checkouts | Full call number | Barcode | Date last seen | Price effective from | Koha item type |
|---|---|---|---|---|---|---|---|---|---|---|---|---|---|
| College Library | College Library | Fiction Section | 12/05/2017 | Donation | PZ 7 .T828 2015 | c21123 | 05/08/2018 | 12/05/2017 | Books |